000 03951cam a22012254i 4500
003 PE-LiUPU
005 20250813185558.0
008 150706s r 000 0 d
020 _a9253008873
035 _a(Sirsi) i9789253008872
040 _aPE-LiUPU
_bspa
_cPE-LiUPU
_erda
049 _aPRUA
082 0 4 _a371.617
_bN8
_221
110 2 _aOrganización de las Naciones Unidas para la Agricultura y la Alimentación
245 1 0 _aNuestra huerta escolar :
_bmanual de nutrición y horticultura /
_cOrganización de las Naciones Unidas para la Agricultura y la Alimentación (FAO).
250 _a3a
264 1 _aRoma :
_bFAO,
_c1982.
300 _a170 páginas :
_bilustraciones ;
_c23 centímetros
336 _atext
_2rdacontent
337 _aunmediated
_2rdamedia
338 _avolume
_2rdacarrier
490 0 _aColección Fao, capacitación ;
_v5
504 _aIncluye bibliografía.
505 0 _aNutrición -- Alimentación y crecimiento -- Alimentación y actividad física -- Alimentación y capacidad intelectual -- Alimentación y salud -- Los alimentos en el cuerpo humano -- Grupos didácticos de alimentos -- Alimentos que regulan las funciones -- Alimentos que forman y reparan -- Alimentos que proporcionan energía calórica -- Variedades de alimentos en América Central -- Cómo enseñar nutrición -- Características de la educación alimentaria -- Principios generales de horticultura -- Establecimiento de la huerta -- Preparación del terreno -- Fertilización -- Rotación de cultivos -- Elección de semillas -- sistemas de siembra de hortalizas -- Riego -- Hortalizas -- Árboles frutales -- Valor nutritivo de los alimentos de la huerta y manera de prepararlos -- Valor nutritivo de los productos del huerto -- Uso de los productos del huerto -- Preparación de vegetales -- Preparación de frutas -- Algunas recetas de platos nutritivos.
526 _aP202
526 _aP201
526 _aP163
526 _aP162
526 _aP161
526 _aP160
526 _aP148
526 _aP147
526 _aP146
526 _aP145
526 _aP144
526 _aP143
526 _aP142
526 _aP141
526 _aP140
526 _aP139
526 _aP138
526 _aP137
526 _aP136
526 _aP135
526 _aP134
526 _aP133
526 _aP129
526 _aP128
526 _aP127
526 _aP120
526 _aP119
526 _aP118
526 _aP116
526 _aP115
526 _aP114
526 _aP110
526 _aP109
526 _aP108
526 _aP104
526 _aP103
526 _aP102
526 _aP99
526 _aP98
526 _aP97
526 _aP96
526 _aP95
526 _aP93
526 _aP90
526 _aP89
526 _aP88
526 _aP83
526 _aP82
526 _aP62
526 _aP59
526 _aP58
526 _aP57
526 _aP51
526 _aP49
526 _aP48
526 _aP47
526 _aP29
526 _aP24
526 _aP20
526 _aP19
526 _aP17
526 _aP15
526 _aP14
526 _aP12
526 _aP10
526 _aP09
526 _aP08
526 _aP07
526 _aP06
526 _aP05
526 _aP04
526 _aP01
541 _g001-001372;
650 0 4 _aHorticultura
_xEstudio y enseñanza.
910 _bjv
_clch
_d20101007
942 _2ddc
_cBOOK
949 _a371.617 N8
_wDEWEY
_c1
_i62139
_lCCODEBUL1
_mBUL
_p25.00
_r0
_sY
_tBOOK
_u2015-7-6
_xEDUCACION
_PP20
_0COMPRA
_o.STAFF. Colección General
994 _aC0
_bPEPRU
596 _a1
999 _a371.617 N8
_wDEWEY
_c51227
_i62139
_d51227
_e2019-10-29
_f2021-11-8
_g4
_lCCODEBUL1
_mBUL
_n2
_p25.00
_q1
_r0
_sN
_tBOOK
_u2015-7-6
_xEDUCACION
_PP20
_0COMPRA
_o.STAFF. Colección General
980 _81
_gALBERTO SANCHEZ Responsable de Automatización